| 000 | 00579nam a2200157 a 4500 | ||
|---|---|---|---|
| 008 | 120416s2004 ||||||||||||||||| || u | ||
| 050 | _aIBRD(08) | ||
| 100 | _aClark, George R. G | ||
| 245 | 1 | 0 | _aHas private participation in water and sewerage improved coverage? |
| 246 | _aempirical evidence from Latin America | ||
| 260 |
_aWashington, DC _bWorld Bank _c2004 |
||
| 300 | _a63p. : ill. | ||
| 350 | _a0.00 | ||
| 700 | _aWallsten, Scott | ||
| 995 |
_D0.00 _FCBU-MAIN LIBRARY (Kitwe) _H1 _I0.00 _UAVAILABLE _ZInternational Publications |
||
| 999 |
_c45389 _d45389 |
||